=LDR 00000nam 2200000 4500 =001 INLIS000000000035465 =005 20130612141323 =008 ***********************************ind** =035 ##$$0010-061300000035465 =041 ##$$a ind =082 ##$$a 813 =090 ##$$a 813, Pal s =100 ##$$a PALMER, Diana =245 ##$$a Sang penegak hukum, Diana Palmer ; alih bahasa, Anggraini Novitasari =260 ##$$a 2009 $b Jakarta =300 ##$$a 416 hlm, 18 cm =650 ##$$a Fiksi Indonesia =700 ##$$a MNovitasari, Anggraini =850 ##$$a NBPNMAT